000
00326nam a22001337a 4500
020
_a
3-540-13014-4
082
_a
535 YOU'O
100
_a
YOUNG, MATT
_9
69027
245
_a
OPTICS AND LASERS INCLUDING FIBERS AND INTEGRATED OPTICS
250
_a
2ND
260
_a
TOKYO
_b
SPRINGER VERLAG
_c
1984
300
_a
269P
942
_c
BK
999
_c
579709
_d
579709